Fr. Conceicao Rodrigues College of Engineering

ARM system developers guide:Designing and optimizing systems software (Record no. 29350)

MARC details
000 -LEADER
fixed length control field 00390nam a2200169Ia 4500
082 ## - DEWEY DECIMAL CLASSIFICATION NUMBER
Classification number 4.1
Item number LOS
100 ## - MAIN ENTRY--PERSONAL NAME
Personal name Sloss/Andrew N/ Symes/D
245 ## - TITLE STATEMENT
Title ARM system developers guide:Designing and optimizing systems software
260 ## - PUBLICATION, DISTRIBUTION, ETC.
Name of publisher, distributor, etc. Elsevier
Date of publication, distribution, etc. 2004
366 ## - TRADE AVAILABILITY INFORMATION
Publishers's discount category 25
300 ## - PHYSICAL DESCRIPTION
Extent 689
546 ## - LANGUAGE NOTE
Language note ENGLISH
-- PAMPHALETS
650 ## - SUBJECT ADDED ENTRY--TOPICAL TERM
Topical term or geographic name entry element ARM
654 ## - SUBJECT ADDED ENTRY--FACETED TOPICAL TERMS
Focus term ARM
942 ## - ADDED ENTRY ELEMENTS (KOHA)
Koha item type BOOK
Holdings
Withdrawn status Lost status Damaged status Not for loan Collection Home library Current library Date acquired Source of acquisition Cost, normal purchase price Inventory number Total Checkouts Full call number Barcode Date last seen Cost, replacement price Price effective from Koha item type
        CRC Fr. Agnel's C.Rodrigues College of Engineering Fr. Agnel's C.Rodrigues College of Engineering 17/03/2023 Allied Publishers 521.25 2776 dt 30/10/2010   4.1 LOS 21173 17/03/2023 695.00   BOOK
        CRC Fr. Agnel's C.Rodrigues College of Engineering Fr. Agnel's C.Rodrigues College of Engineering 17/03/2023 Allied Publishers 521.25 2776 dt 30/10/2010   4.1 LOS 21174 17/03/2023 695.00   BOOK